Регионална библиотека "Любен Каравелов" - Русе

Нормален изглед MARC изглед
  • Уолърстийн, Имануел

Вход 01. Лично име

Брой записи, използвани в: 0

001 - Контролен номер на записа

  • Контролно поле: 485556

003 - Код на организацията, даваща контролен номер

  • Контролно поле: BLK

005 - Дата и час на последна промяна на записа

  • Контролно поле: 20221215130735.0

008 - Данни с фиксирана дължина – обща информация

  • Данни с фиксирана дължина : 221215|| aca||aabn | a|a d

100 ## - ИМЕ НА ЛИЦЕ -ПЪРВИЧНА ИНТЕЛЕКТУАЛНА ОТГОВОРНОСТ

  • Лично име: Уолърстийн, Имануел

942 ## - Системна служебна употреба

  • Koha auth type: PERSO_NAME
Vip Innovations Ltd, Rousse, Bulgaria 2025